Titre intégral des Star Wars - Statistiques

Statistiques générales
  • Ce quiz a été pris 328 fois
  • Le résultat moyen est 4 sur 7
Statistiques - réponses
Réponse % Correct
1 La menace fantome
86%
4 Un nouvel espoir
74%
5 L'empire contre attaque
71%
6 Le retour du jedi
67%
3 La revanche des siths
63%
7 Le réveil de la force
52%
2 La guerre des clones
27%
Aucun quiz correspondant
Distribution des résultats
% des personnes avec chaque résultat
Percentile par nombre de réponses
Votre historique - résultats
Vous n’avez pas pris ce quiz